PANDUAN QADHA' SOLAT : (Record no. 204119)

MARC details
000 -LEADER
fixed length control field 00989nam a2200265 i 4500
005 - DATE AND TIME OF LATEST TRANSACTION
control field 20260506165839.0
008 - FIXED-LENGTH DATA ELEMENTS--GENERAL INFORMATION
fixed length control field 260506s2025 my o gr 000 0 may d
020 ## - INTERNATIONAL STANDARD BOOK NUMBER
International Standard Book Number 9786299941651
Terms of availability RM39.00
Qualifying information paperback
040 ## - CATALOGING SOURCE
Original cataloging agency PPAK
Language of cataloging eng
Transcribing agency PPAK
Description conventions rda
082 04 - DEWEY DECIMAL CLASSIFICATION NUMBER
Edition number 23
Classification number 297.382
090 00 - LOCALLY ASSIGNED LC-TYPE CALL NUMBER (OCLC); LOCAL CALL NUMBER (RLIN)
Classification number (OCLC) (R) ; Classification number, CALL (RLIN) (NR) 297.382
Feature heading PAN
Feature heading G
245 00 - TITLE STATEMENT
Title PANDUAN QADHA' SOLAT :
Remainder of title (Pengukuhan Ilmu Tentang Cara Solat Ganti) /
Statement of responsibility, etc. Penyusun: Amar Mirza Abd Kadir Jailani ; Editor Bahasa: Team BeDaie
264 #1 - PRODUCTION, PUBLICATION, DISTRIBUTION, MANUFACTURE, AND COPYRIGHT NOTICE
Place of production, publication, distribution, manufacture Kota Bharu, Kelantan :
Name of producer, publisher, distributor, manufacturer Dakwah Digital Network,
Date of production, publication, distribution, manufacture, or copyright notice [2025?]
300 ## - PHYSICAL DESCRIPTION
Extent 146 pages :
Other physical details colour photographs ;
Dimensions 21 cm
336 ## - CONTENT TYPE
Content type term text
Source rdacontent
337 ## - MEDIA TYPE
Media type term unmediated
Source rdamedia
338 ## - CARRIER TYPE
Carrier type term volume
Source rdacarrier
500 ## - GENERAL NOTE
General note Contains verses from the Qur'an and quotes from the Hadith
650 10 - SUBJECT ADDED ENTRY--TOPICAL TERM
Topical term or geographic name entry element Prayer
General subdivision Islam
Topical term or geographic name entry element Salat
Topical term or geographic name entry element Islam
Form subdivision Prayers and devotions
700 0# - ADDED ENTRY--PERSONAL NAME
Personal name Amar Mirza Abd Kadir Jailani,
Relator term compiler.
710 2# - ADDED ENTRY--CORPORATE NAME
Corporate name or jurisdiction name as entry element Team BeDaie,
Relator term editor.
942 ## - ADDED ENTRY ELEMENTS (KOHA)
Source of classification or shelving scheme Dewey Decimal Classification
Koha item type Book

No items available.